000 00589nam a22001817a 4500
005 20241127105103.0
008 241025b |||||||| |||| 00| 0 eng d
020 _a9781426375309
082 _aDRef 031.02 N213 2023
245 _aNational geographic kids :
_balmanac 2024 /
260 _aWashington, DC. :
_bNational Geographic Partners, LLC.,
_c©2023.
300 _a367 pages :
_bcolor illustrations ;
_c22 cm.
500 _aIncludes index.
650 0 _aAlmanacs, Children's.
_964237
650 0 _aCuriosities and wonders.
_964238
650 0 _aAlmanacs.
_964239
942 _2ddc
_cDREF
999 _c22929
_d22929